| 000 | 00389nam a2200157Ia 4500 | ||
|---|---|---|---|
| 008 | 221030s9999 xx 000 0 und d | ||
| 020 | _a8126113936 | ||
| 041 | _aEnglish | ||
| 082 |
_a105.23 _bBha |
||
| 100 | _aV. K. Bhalla | ||
| 245 | 0 | _aInternational Financial Management : Text & Cases | |
| 260 |
_bAnmol Pub _aNew Delhi _c2003 |
||
| 300 | _a997 | ||
| 650 | _aManagement | ||
| 942 | _cBK | ||
| 999 |
_c2436 _d2436 |
||